The effects of artificial in semination on cattle in order to reduce the poverty in Cambodia, ឥទ្ធិពលនៃការបង្កាត់គោដោយសិប្បិនិម្មិត សំដៅកាត់បន្ថយផាពក្រីក្ររបស់ប្រជាកសិករ ក្នុងព្រះរាជាណាចក្រកម្ពុជា (Record no. 2069)
[ view plain ]
| 000 -LEADER | |
|---|---|
| fixed length control field | 00741nam a22001577a 4500 |
| 003 - CONTROL NUMBER IDENTIFIER | |
| control field | OSt |
| 005 - DATE AND TIME OF LATEST TRANSACTION | |
| control field | 20151006154745.0 |
| 008 - FIXED-LENGTH DATA ELEMENTS--GENERAL INFORMATION | |
| fixed length control field | 151006b xxu||||| |||| 00| 0 eng d |
| 040 ## - CATALOGING SOURCE | |
| Transcribing agency | RUA |
| 082 ## - DEWEY DECIMAL CLASSIFICATION NUMBER | |
| Classification number | AVM |
| 100 ## - MAIN ENTRY--PERSONAL NAME | |
| 9 (RLIN) | 2200 |
| Personal name | KHAUV, SOLANETH. |
| 245 ## - TITLE STATEMENT | |
| Title | The effects of artificial in semination on cattle in order to reduce the poverty in Cambodia, ឥទ្ធិពលនៃការបង្កាត់គោដោយសិប្បិនិម្មិត សំដៅកាត់បន្ថយផាពក្រីក្ររបស់ប្រជាកសិករ ក្នុងព្រះរាជាណាចក្រកម្ពុជា |
| 260 ## - PUBLICATION, DISTRIBUTION, ETC. (IMPRINT) | |
| Place of publication, distribution, etc. | Phnom Penh |
| Name of publisher, distributor, etc. | RUA |
| Date of publication, distribution, etc. | 2000 |
| 300 ## - PHYSICAL DESCRIPTION | |
| Extent | 43p. |
| Other physical details | ill. |
| Dimensions | 29cm. |
| 942 ## - ADDED ENTRY ELEMENTS (KOHA) | |
| Source of classification or shelving scheme | |
| Koha item type | AVM |
No items available.